000 00535nam a2200193Ia 4500
005 20250507130312.0
008 008 250505s9999 xx 000 0 eng d
037 _aSeries Article
040 _aEASL
_beng
_cEASL
041 _aeng
_2eng
084 _qEASL
100 _aFang Tien-Sze
_9610410
245 0 _aAssessment of Ambassador Luo Jialun's mission to India: 1947-9
260 _aUK
_bLondon Sage Publications
_c2014
300 _a189-201 Pp.
650 _aChina
942 _cSRA
999 _c1318872
_d1318872